The story of the ancient world : (Record no. 23788)
[ view plain ]
| 000 -LEADER | |
|---|---|
| fixed length control field | 00709nam a22002172a 4500 |
| 001 - CONTROL NUMBER | |
| control field | 23788 |
| 003 - CONTROL NUMBER IDENTIFIER | |
| rucl marc code | BD-RjUL |
| 005 - DATE AND TIME OF LATEST TRANSACTION | |
| control field | 20211209000954.0 |
| 008 - FIXED-LENGTH DATA ELEMENTS--GENERAL INFORMATION | |
| fixed length control field | 140311r19531936enka 000 0 eng d |
| 035 ## - SYSTEM CONTROL NUMBER | |
| System control number | (BD-RjUL)23853 |
| 040 ## - CATALOGING SOURCE | |
| Original cataloging agency | CIN |
| Transcribing agency | CIN |
| Modifying agency | EQO |
| -- | BD-RjUL |
| Language of cataloging | eng |
| 041 ## - LANGUAGE CODE | |
| Language code of text/sound track or separate title | eng |
| 082 ## - DEWEY DECIMAL CLASSIFICATION NUMBER | |
| Classification number | 930 |
| Author mark and year | CLS |
| 090 ## - LOCALLY ASSIGNED LC-TYPE CALL NUMBER (OCLC); LOCAL CALL NUMBER (OCLC) | |
| Classification number (OCLC) (R) ; Classification number, CALL (RLIN) (NR) | D59 |
| Local cutter number (OCLC) ; Book number/undivided call number, CALL (RLIN) | .C62 1938 |
| 100 1# - MAIN ENTRY--PERSONAL NAME | |
| Personal name | Clement, H. A. |
| Fuller form of name | (Henry Anthony). |
| 9 (RLIN) | 73254 |
| 245 14 - TITLE STATEMENT | |
| Title | The story of the ancient world : |
| Remainder of title | from the earliest times to the fall of Rome / |
| Statement of responsibility, etc. | by H.A. Clement ... |
| 260 ## - PUBLICATION, DISTRIBUTION, ETC. (IMPRINT) | |
| Place of publication, distribution, etc. | London [etc.] : |
| Name of publisher, distributor, etc. | G.G. Harrap & Co., Ltd, |
| Date of publication, distribution, etc. | 1936 [printing 1953] |
| 300 ## - PHYSICAL DESCRIPTION | |
| Pagination | 256 p. : |
| Illustrations | illus. ; |
| Size | 21 cm |
| 650 ## - SUBJECT ADDED ENTRY--TOPICAL TERM | |
| Topical term or geographic name as entry element | History, Ancient -- Juvenile literature. |
| 9 (RLIN) | 73255 |
| 942 ## - ADDED ENTRY ELEMENTS (KOHA) | |
| Source of classification or shelving scheme | Dewey Decimal Classification |
| Koha item type | Books |
| Lost status | Source of classification or shelving scheme | Damaged status | Not for loan | Collection code | Permanent Location | Current Location | Shelving location | Date acquired | Source of acquisition | Cost, normal purchase price | Total Checkouts | Full call number | Date last seen | Copy number | Koha item type |
|---|---|---|---|---|---|---|---|---|---|---|---|---|---|---|---|
| Dewey Decimal Classification | Added to bundle | Non-fiction | Central Library, University of Rajshahi | Central Library, University of Rajshahi | Reading Room | 20/01/1955 | M.B.P. dacca | 15.60 | 930 CLS 1953 | 11/03/2014 | C-1 | Books |